| 000 | 00886nam a22002177a 4500 | ||
|---|---|---|---|
| 999 |
_c2063 _d2063 |
||
| 003 | AR-CdUCM | ||
| 008 | 190301b ||||| |||| 00| 0 spa d | ||
| 040 |
_aMUNICIPALIDAD PROVINCIAL DEL CUSCO _cBIBLIOTECA MUNICIPAL DEL CUSCO |
||
| 082 |
_a375.51 / _bH19 |
||
| 100 |
_aHammonds, Carsie _97457 |
||
| 245 |
_aLa enseñanza : _bSu orientación, sus funciones, sus motivaciones / |
||
| 260 |
_aMéxico D.F : _bEdit. Trillas, _c1972. |
||
| 300 |
_a204 paginas ; _c21 cm. |
||
| 505 | _aLa enseñanza vocacional como profesión -- Filosofía de la educación vocacional -- Elaboración de un curso de estudio -- Como comprender a los estudiantes -- Algunos principios del aprendizaje ... | ||
| 650 |
_aOrientación profesional _97458 |
||
| 650 |
_aEducadores _91065 |
||
| 650 |
_aCapacitacion _97459 |
||
| 700 |
_aLamar, Carl F. _97460 |
||
| 942 |
_2ddc _cLIBROS |
||
| 945 |
_arum _d2019-03-01 |
||